| 000 | 01508cam a22004217a 4500 | ||
|---|---|---|---|
| 003 | CHAP | ||
| 005 | 20220817043448.0 | ||
| 008 | 980806d1993 mx r 00110 spa d | ||
| 010 | _a75884 | ||
| 011 | _a76856 | ||
| 035 | _a86447 | ||
| 040 | _cCHAP | ||
| 082 | 0 | 4 |
_a641.1 _bA52 |
| 100 | 0 | 0 |
_aAlderman, Harold. _93704 |
| 245 | 1 | 0 |
_aPoverty, household food security, and nutrition in rural Pakistan _c/by Harold Alderman and Marito Garcia |
| 260 |
_aWashington, D.C. : _bInternational Food Policy Research Institute, _c1993. |
||
| 300 |
_a108 p. : _bcuadros ; mapas |
||
| 410 | 2 | _aInternational Food Policy Research Institute | |
| 490 | 0 |
_aResearch report _v; 96 |
|
| 500 | _abibliografía : pp. 99-108 | ||
| 590 |
_aBATCH-UPD _b10 _c20130110 _lUCH01 _h0004 |
||
| 590 |
_aBATCH-UPD _b10 _c20130110 _lUCH01 _h0422 |
||
| 590 |
_aBATCH-UPD _b10 _c20130110 _lUCH01 _h2124 |
||
| 590 |
_aBATCH-UPD _b10 _c20130409 _lUCH01 _h1940 |
||
| 590 |
_aBATCH-UPD _b10 _c20130410 _lUCH01 _h0928 |
||
| 590 |
_aBATCH-UPD _b10 _c20130914 _lUCH01 _h0004 |
||
| 590 |
_aCONVERSION _b10 _c20130109 _lUCH01 _h1341 |
||
| 650 | 1 | 4 |
_aNutrición _zPakistan. _982274 |
| 650 | 1 | 4 |
_aPakistán _xCondiciones rurales. _984782 |
| 650 | 1 | 4 |
_aPobreza. _989463 |
| 700 | 0 |
_aGarcía, Marito. _946796 |
|
| 810 | _aInternational Food Policy Research Institute | ||
| 830 | 0 |
_aResearch report _v; 96 _996080 |
|
| 901 | _aBK | ||
| 905 | _aAlejandra Carrasco M. | ||
| 942 | _cLIBRO | ||
| 949 |
_a641.1 A52 _bBC _cLIBRO _d33724000599825 _eLIBRO _h93248 _i86447 _si |
||
| 999 |
_c75884 _d75884 |
||